000 00698nam a22002537a 4500
001 BR9300365
003 BR-BrBNA
005 20230928093813.0
007 ta
008 230509b bl.||||| |||| 00| 0 por d
040 _aBR-BrBNA
_bpor
_cBiblioteca Nacional de Agricultura
041 _a(Por)
072 _aC10
090 _ C10 BR9300365
100 1 _aPenna, L. de A.
110 1 _aInstituto Brasileiro de Desenvolvimento Florestal, Rio de Janeiro, RJ (Brasil)
_95750
245 1 _aApologia da arvore - antologia
260 3 _aRio de Janeiro, RJ (Brasil):
_c1973.
300 _a137 p.
650 _aArvore
650 _aEducacao
909 _a202309
_bLucia
_c55
_dLucia Elande
942 _cBK
999 _c47200
_d47200